000 00668nam a2200205 a 4500
003 0
005 20250201102148.0
008 130901s19uu xx 00 eng d
050 _aPGS GV 706.5
_b.K98 2013
100 _aKwon, Dae Woong
245 _aEating habits of varsity players /
_cDae Woong Kwon.
260 _aLas PiƱas City, Philippines :
_bSouthville International School and Colleges,
_c2013.
300 _a35 p. :
_bill. ;
_c28 cm.
504 _aIncludes bibliographical references.
650 _aSports nutrition.
650 _aNutrition
_vAthletes.
650 _aVarsity athletes
_vDiet.
650 _aNutrition in youth sports.
942 _2lcc
_cPASS
999 _c99083
_d99083